Statistics for Unwanted passports

Click here to take the quiz!

General Stats

  • This quiz has been taken 82 times
  • The average score is 6 of 11

Answer Stats

Entry denied in # countriesCountry% Correct
3 incl. Japan and USANorth Korea
91%
2, USA and LibyaIran
84%
15 incl. Malaysia, Sudan etc.Israel
81%
2, USA and LibyaSyria
73%
2, USA and LibyaYemen
61%
2, Libya and IndiaPakistan
58%
4 incl. USA, Pakistan etc.Somalia
57%
2, Pakistan and AzerbaijanArmenia
46%
2, Sudan and LibyaBangladesh
32%
3 incl. UAE and SaudisQatar
32%
8 mostly by own govtSouth Korea
27%

Score Distribution

Percentile by Number Answered

Percent of People with Each Score

Your Score History

You have not taken this quiz